Banderas de paises Norteamericanos - Estadísticas

Estadísticas generales
  • Esta prueba ha sido intentada 60 veces
  • La puntuación promedio es 22 de 23
Estadísticas de respuestas
Imagen Respuesta % Correcto
Canadá
100%
Estados Unidos
100%
Guatemala
100%
Jamaica
100%
México
100%
Barbados
98%
Cuba
98%
El salvador
98%
Honduras
98%
Nicaragua
98%
Panamá
98%
República Dominicana
96%
Antigua y Barbuda
94%
Costa Rica
94%
Bahamas
92%
Dominica
92%
Granada
92%
Haití
92%
Belice
90%
Santa Lucía
90%
San Cristóbal y Nieves
83%
San Vicente y las Granadinas
83%
Trinidad y Tobago
83%
No se encontraron pruebas coincidentes
Distribución de puntuación
Porcentaje de gente con cada puntuación
Porcentaje por número respondido
Historial de tus puntuaciones
No has intentado esta prueba.